Library Banner

Clinician's guide to self-renewal : (Record no. 90947)

MARC details
000 -LEADER
fixed length control field 01387cam a2200253 i 4500
001 - CONTROL NUMBER
control field 18020140
005 - DATE AND TIME OF LATEST TRANSACTION
control field 20170214101237.0
008 - FIXED-LENGTH DATA ELEMENTS--GENERAL INFORMATION
fixed length control field 140127s2014 nju b 001 0 eng
020 ## - INTERNATIONAL STANDARD BOOK NUMBER
International Standard Book Number 9781118443811 (hardback : acidfree paper)
040 ## - CATALOGING SOURCE
Transcribing agency PK-LaUMT
082 00 - DEWEY DECIMAL CLASSIFICATION NUMBER
Classification number 158.1
Edition number 23
Item number CLI-
245 00 - TITLE STATEMENT
Title Clinician's guide to self-renewal :
Remainder of title essential advice from the field /
Statement of responsibility, etc edited by Robert J. Wicks and Elizabeth A. Maynard
260 ## - PUBLICATION, DISTRIBUTION, ETC. (IMPRINT)
Place of publication, distribution, etc Hoboken :
Name of publisher, distributor, etc John Wiley,
Date of publication, distribution, etc 2014
300 ## - PHYSICAL DESCRIPTION
Extent xxv, 502 p.
Dimensions 24 cm
520 ## - SUMMARY, ETC.
Summary, etc "Providing clinicians with advice consistent with the current emphasis on working from strengths to promote renewal, this guide presents a holistic approach to psychological wellness. Time-tested advice is featured from experts such as Mihaly Csikszentmihalyi, Judith Beck, PhD, David Myers, and John Norcross. With strategies to renew the mind, body, spirit, and community, this book equips clinicians with guidance and inspiration for the renewal of body, mind, community, and spirit in their clients and themselves"--
650 #0 - SUBJECT ADDED ENTRY--TOPICAL TERM
Topical term or geographic name as entry element Psychotherapists
General subdivision Health and hygiene.
650 #0 - SUBJECT ADDED ENTRY--TOPICAL TERM
Topical term or geographic name as entry element Psychiatrists
General subdivision Mental health.
650 #7 - SUBJECT ADDED ENTRY--TOPICAL TERM
Topical term or geographic name as entry element PSYCHOLOGY / Psychotherapy / Counseling.
650 #7 - SUBJECT ADDED ENTRY--TOPICAL TERM
Topical term or geographic name as entry element BODY, MIND & SPIRIT / General.
650 #7 - SUBJECT ADDED ENTRY--TOPICAL TERM
Topical term or geographic name as entry element SOCIAL SCIENCE / Disasters & Disaster Relief.
700 1# - ADDED ENTRY--PERSONAL NAME
Personal name Wicks, Robert J.,
700 1# - ADDED ENTRY--PERSONAL NAME
Personal name Maynard, Elizabeth A.,
942 ## - ADDED ENTRY ELEMENTS (KOHA)
Koha item type Books
Holdings
Withdrawn status Lost status Damaged status Home library Current library Date acquired Full call number Barcode Date last seen Price effective from Koha item type Copy number
      UMT Main Campus UMT Main Campus 2017-02-14 158.1 CLI- 104473 2021-10-12 2017-02-14 Books  
      UMT Main Campus UMT Main Campus 2017-06-09 158.1 CLI- 109770 2017-06-09 2017-06-09 Books C-2